Economics for the Many
Salvato in:
| Autore principale: | |
|---|---|
| Natura: | Libro |
| Lingua: | inglese |
| Pubblicazione: |
2019
|
| Tags: |
Nessun Tag, puoi essere il primo ad aggiungerne!!
|
MARC
| LEADER | 00000nam a2200000 4500 | ||
|---|---|---|---|
| 001 | 0315369 | ||
| 005 | 20260309223815.1 | ||
| 020 | |a 9781788737449 | ||
| 041 | 0 | |a eng | |
| 245 | 1 | 0 | |a Economics for the Many |c John Mcdonnell |
| 264 | 1 | |c 2019 | |
| 100 | 1 | |a Mcdonnell, John | |